| 000 | 00365nam a2200145Ia 4500 | ||
|---|---|---|---|
| 008 | 230917s9999||||xx |||||||||||||| ||und|| | ||
| 040 |
_e156729 _aMAIN |
||
| 041 | _aEnglish | ||
| 082 | _a810.9 M896I | ||
| 100 | _aMukherjee, Sujit | ||
| 245 | 0 | _aIndian essays in American literature | |
| 260 |
_aBombay _bPopular Prakashan _c1969 |
||
| 300 | _a340 p. | ||
| 942 | _cBK | ||
| 999 |
_c60109 _d60109 |
||